|
|
|
|
| LEADER |
00762nta a2200217 i 4500 |
| 001 |
dipl83996 |
| 005 |
20200506165947.0 |
| 008 |
200506s2016 hu om 0|| zxx d |
| 040 |
|
|
|a SZTE Diploma Repozitórium
|b hun
|
| 041 |
|
|
|a zxx
|
| 100 |
1 |
|
|a Mérges Alexandra
|
| 245 |
1 |
0 |
|a Kiküldetés munkajogi szabályai
|h [elektronikus dokumentum] /
|c Alexandra Mérges
|
| 246 |
1 |
0 |
|a Labour law rules of posting
|h [elektronikus dokumentum]
|
| 260 |
|
|
|c 2016
|
| 650 |
|
4 |
|a Jogi és igazgatási tanulmányok
|
| 650 |
|
4 |
|a Social sciences
|
| 650 |
|
4 |
|a Law
|
| 650 |
|
4 |
|a Law, criminology, penology
|
| 650 |
|
4 |
|a Private, public and social law
|
| 700 |
1 |
|
|a Bali Adrienn
|e ths
|
| 856 |
4 |
0 |
|u http://diploma.bibl.u-szeged.hu/id/eprint/83996/1/2016_merges_alexandra.pdf
|z Dokumentum-elérés
|